Weihnachtsquiz: Trivia - Statistiken

Allgemein
  • Dieses Quiz wurde 54 mal gespielt
  • Das Durchschnittsergebnis liegt bei 16 aus 20
Antwortstatistiken
Hinweis Antwort % Korrekt
Die 4 Sonntage davor sind der 1., 2., 3. und 4. Advent
100%
24. Dezember Heiligabend
98%
Wird am 6. Dezember gefeiert Nikolaus
98%
An diesem Gegenstand wird jeden Sonntag eine Kerze mehr angezündet Adventskranz
94%
Farben, die mit Weihnachten verbunden werden Rot
94%
Rentier mit der roten Nase Rudolph
92%
Gegenstand mit 24 Überraschungen Adventskalender
90%
Getränk auf dem Weihnachtsmarkt Glühwein
90%
Wird in der Nacht vor o.g. Tag bereitgelegt Socken und Stiefel
88%
Farben, die mit Weihnachten verbunden werden Grün
84%
"Frohe Weihnachten" auf Spanisch Feliz Navidad
80%
Traditionelles Weihnachtsessen Weihnachtsgans
80%
Weihnachtslied der Band "Wham" Last Christmas
78%
Ballett von Tschaikowski Der Nussknacker
74%
25. Dezember 1. Weihnachtstag
62%
26. Dezember 2. Weihnachtstag
62%
Weihnachten auf Französisch Noël
62%
Traditionelles Weihnachtsessen Kartoffelsalat
52%
Name des Weihnachts- marktes in Nürnberg Christkindlesmarkt
44%
Traditionelles Weihnachtsessen Würstchen
44%
Keine übereinstimmenden Quizze gefunden
Verteilung der Resultate
Anzahl Personen mit jedem Resultat
Perzentil nach korrekt beantworteten Fragen
Ihre Resultats-Entwicklung
Sie haben dieses Quiz noch nicht gespielt